| 000 | 00637nam a22002297a 4500 | ||
|---|---|---|---|
| 001 | 86772 | ||
| 003 | UA-OsUOA | ||
| 005 | 20220527213719.0 | ||
| 007 | ta | ||
| 008 | 20120911b un ||||| |||| 00| 0 ukr d | ||
| 040 |
_aUA-OsUOA _brus _cUA-OsUOA _dUA-OsUOA |
||
| 041 | _arus | ||
| 080 | _a82.09(470+571) | ||
| 090 |
_a82.09(470+571) _bЧ-46 |
||
| 100 | _aЧерепахов М. С. | ||
| 245 | _aН. Г. Чернышевский | ||
| 260 |
_aМ. _bМысль _c1977 |
||
| 300 | _a215 с. | ||
| 650 | 7 |
_a82.09 Літературна критика. Літературні дослідження _2UDC |
|
| 942 |
_cBK _2udc |
||
| 955 | _a1 | ||
| 999 |
_c372931 _d372931 |
||